Search Results
Showing Item 42 of 103
Amazing Malaysian : Recipes for Vibrant Malaysian Home-Cooking
Available copies
- 1 of 1 copy available at Headquarters.
Current holds
0 current holds with 1 total copy.
| Location | Call Number / Copy Notes | Barcode | Shelving Location | Status | Due Date |
|---|---|---|---|---|---|
| Accra Central Library | 201 641.595951/MUS | 000000801485 | 600 - Technology-How things are made, Human Body, Health & Disease, Pets, Farms, Cars, Cooking - LEND | Available | - |
Record details
- ISBN: 9780224101547
-
Physical Description:
print
paperback - Publisher: London SQUARE PEG 2017
Search for related items by subject
| Subject: | Cooking, Malaysian |
| LDR | 00620cam a2200205Ka 4500 | ||
|---|---|---|---|
| 001 | 76068 | ||
| 003 | HQ | ||
| 005 | 20201118155041.0 | ||
| 008 | 070101s xxka e 0 eng d | ||
| 020 | . | ‡a9780224101547 | |
| 037 | . | ‡aBook Aid | |
| 082 | . | ‡a641.595951/MUS | |
| 100 | . | ‡aNorman Musa | |
| 245 | . | ‡aAmazing Malaysian : Recipes for Vibrant Malaysian Home-Cooking | |
| 260 | . | ‡aLondon ‡bSQUARE PEG ‡c2017 | |
| 300 | . | ‡apaperback | |
| 650 | . | ‡aCooking, Malaysian | |
| 901 | . | ‡a76068 ‡bAUTOGEN ‡c76068 ‡tbiblio | |
Search Results
Showing Item 42 of 103

Add to basket
Permalink
Disable Highlighting